Animal Species #10: Under the Sea - Statistics

General Stats
  • This quiz has been taken 44 times
  • The average score is 14 of 42
Answer Stats
Picture Answer % Correct
{Guppy}
71%
California {Sea} {Lion}
68%
Devil {Firefish}
61%
{Leatherback} Sea Turtle
61%
Siamese {Fighting} Fish
61%
{Basking} Shark
57%
Leafy {Seadragon}
54%
Red Swamp {Crayfish}
54%
Antarctic {Krill}
50%
Emperor {Angel}fish
50%
Giant {Grouper}
50%
{Nurse} Shark
50%
Pacific Razor {Clam}
46%
European {Spider} Crab
43%
{Moon} Jelly
43%
{Spinner} Dolphin
43%
Stoplight {Parrot}fish
43%
Spotted {Trunk}fish
32%
Reef {Trigger}fish
29%
{Sand} {Tiger} Shark
29%
{Suckermouth} Catfish
29%
Whale {Barnacle}
29%
Yellow Longnose {Butterfly}fish
29%
{Zebra}fish
25%
{Baiji}
21%
Cocoa {Damsel}fish
21%
{Crown}-{of}-{Thorns} Starfish
21%
{Dwarf} Seahorse
21%
Moorish {Idol}
21%
Red {Scorpion}fish
21%
{Big}-{Belly} Seahorse
18%
{Coconut} Octocpus
18%
John {Dory}
18%
Pacific Sea {Nettle}
18%
{Staghorn} Coral
18%
Bluebell {Tunicate}
14%
Bluestripe {Snapper}
11%
Persian Carpet {Flatworm}
11%
Royal {Gramma}
11%
Azure {Vase} Sponge
7%
{Convict} Tang
7%
{Mustard} Hill Coral
7%
No matching quizzes found
Score Distribution
Percent of People with Each Score
Percentile by Number Answered
Your Score History
You have not taken this quiz